[Event "Michigan Class C"]
[Site "Auburn Hills, MI"]
[Date "2003.04.27"]
[Round "4.10"]
[White "Hershberger, Kent"]
[Black "Brauker, John"]
[Result "1-0"]
[WhiteElo "1577"]
[BlackElo "1465"]
[Annotator "Tim McGrew"]
[PlyCount "25"]
[EventDate "2003.04.26"]

{French: Closed Tarrasch} 1. e4 e6 2. d4 d5 3. Nd2 c5 4. c3 $5 ({The normal
move is} 4. exd5 {White's move is a bit offbeat, but it is not unknown.}) 4...
Nc6 5. Ngf3 Nf6 {Since White has been able to form a pawn chain with c3
supporting d4, it is probably not a wise idea to invite him to extend it with
e5.} (5... cxd4 6. cxd4 dxe4 7. Nxe4 Nf6 {looks more reasonable.}) 6. e5 Nd7 7.
Bd3 cxd4 8. cxd4 Qb6 9. Nb3 Be7 $6 {Here is where many chess games are lost:
not with a blunder, but with a move that does not meet the demands of the
position. With 9...Be7, Black leaves the straight and narrow path of putting
pressure on d4.} ({Odd though it seems, it was better to target the knight at
b3 with} 9... a5 $1 {White should probably stop the threatened advance by
playing} 10. a4 {himself, but now Black has the weak b4 square to work with:}
Bb4+ {and now} 11. Bd2 $2 Bxd2+ $1 {is rather embarrassing as White tries to
hold onto b3 and d4. (Deep Fritz 7 actually recommends 12.Kxd2, but Fritz is
unhappy with White's position at this point.) Aside from this tactical problem,
the b4 square is still a long-term asset for Black; one can easily envision a
knight settling in there at some point. Better is 11.Kf1 as in
Tseitlin-Rapoport, Ramat-Aviv 2002. Tseitlin won, but not because of any
defect in Black's position here.}) 10. O-O f6 $6 {Very risky. Black is opening
the diagonal that leads to his king.#} 11. Nh4 $5 {A sharp bid to exploit the
newly-weakened diagonal.} fxe5 $2 {Black misses the point.} ({For better or
worse,} 11... g6 {is necessary to block the check at h5.}) 12. Qh5+ $1 Kf8 (
12... Kd8 {is fractionally better, but White is still winning after} 13. Ng6
Re8 14. Nxe5 $18) 13. Ng6+ 1-0

[Event "Michigan Class B"]
[Site "Auburn Hills, MI"]
[Date "2003.04.27"]
[Round "4.7"]
[White "Hazzard, Bill"]
[Black "Moroney, Timothy"]
[Result "0-1"]
[WhiteElo "1622"]
[BlackElo "1770"]
[Annotator "Tim McGrew"]
[PlyCount "62"]
[EventDate "2003.04.26"]

{Pirc} 1. e4 d6 2. Bc4 $6 {Not the best way to tackle a Pirc, as Black quickly
demonstrates. The bishop tends to be exposed on c4.} Nf6 3. Nc3 c6 $5 {This
move carries a threat that White misses.} 4. h3 $2 {"Little ears" -- that's
what the Russian masters used to call pawns at h3 and a3 that had no business
being moved that early in the opening.#} b5 $1 {It may not look very classical,
but this pawn thrust is exactly what the position demands. Now White must
choose between gumming up his development with 5.Bd3 and simply losing a pawn.}
5. Bb3 b4 6. Nce2 Nxe4 {I'm sure Black was pleased with the outcome of the
first six moves!} 7. d3 Nf6 8. Bd2 c5 9. a3 bxa3 10. Rxa3 Bb7 11. Ba5 {White
is struggling desperately to get some play, but lining up his pieces on the
a-file has its limitations where central control is concerned.} Qc8 12. Ba4+
Nbd7 13. Nf3 Bxf3 $1 {Black aims to demolish White's pawn formation. Where is
the White king going now?} 14. gxf3 g6 15. Ng3 Bg7 16. Bc3 O-O 17. f4 Nb6 18.
f5 Nxa4 19. Rxa4 Qc6 20. Re4 $2 {White cracks. Retreating the rook to almost
any square on the a-file was preferable.} Nxe4 21. dxe4 Bxc3+ $1 {Now the
Black a-pawn will be fully passed.} 22. bxc3 Kh8 23. Qf3 a5 24. f6 e6 {Black
can hold the g7 square with ...Rg8.} 25. Qf4 (25. h4 {is a better try, but it
too comes up short:} a4 26. h5 Qb7 27. Qe3 a3 28. Qh6 Rg8 {and Black holds
everything.}) 25... a4 26. Qh6 Rg8 27. Rg1 a3 28. Kd2 Qb7 29. Nh5 a2 30. f3
a1=Q 31. Rg3 Qbb1 0-1

[Event "Michigan Masters/Experts"]
[Site "Auburn Hills, MI"]
[Date "2003.04.27"]
[Round "3.3"]
[White "Hamood, Al"]
[Black "Rogers, Bradley"]
[Result "0-1"]
[WhiteElo "2074"]
[BlackElo "2056"]
[Annotator "Tim McGrew"]
[PlyCount "108"]
[EventDate "2003.04.26"]

{French: Advance Winawer (Classical)} 1. e4 e6 2. d4 d5 3. Nc3 Bb4 4. e5 c5 5.
a3 Bxc3+ 6. bxc3 Qc7 7. Nf3 Nc6 (7... Ne7 {is more common, but the main lines
of the French have dropped somewhat in popularity since it was discovered that
White can clamp the king-side immediately with} 8. h4 {Like all fashions,
though, this should not be taken too seriously: after} b6 9. h5 h6 10. Bb5+ Bd7
11. Bd3 Nbc6 {Black looks fine, and in fact Black has scored very well from
this position in recent practice.}) 8. a4 Nge7 9. Ba3 c4 (9... cxd4 10. cxd4
Qa5+ 11. Qd2 Qxd2+ 12. Kxd2 {leaves White with a small edge in the endgame
since his dark-square bishop has found a useful diagonal.}) 10. Be2 f6 11. Bd6
Qa5 12. Qd2 Bd7 13. O-O O-O-O 14. exf6 gxf6 15. h3 Nf5 16. Bh2 Rde8 17. Rfb1
Nce7 18. g4 {Tarrasch used to call this "the suicide move." Of course here it
hardly matters, since White's king is not under any serious pressure. But does
that mean that it never will be ...?} Rhg8 19. Kh1 Ng7 20. Qf4 e5 {This looks
good superficially, but actually Black's pieces do not coordinate well enough
to make it work.} 21. Qxf6 Ng6 22. Nxe5 {There goes the center! Now there are
bad things brewing for Black because of the pressure on the h2-b8 diagonal.}
Nxe5 23. Bxe5 Ne6 24. Bg3 Rgf8 25. Qe5 Nf4 {This would work well if it weren't
for the sensitive b8 square.} 26. Qd6 $1 Rf6 {Black is desperate for
counterplay. It is hard to condemn this move, especially given the outcome of
the game. But Black does get some help from his opponent!} 27. Qxf6 Nxe2 28.
Qd6 (28. Bh2 {is even better, e.g.} Nxc3 29. Qd6 Bc6 30. Qb8+ Kd7 31. Rxb7+ $1
Bxb7 32. Qxb7+ Kd8 33. Be5 {and Black is not long for this world.}) 28... Nxg3+
29. Qxg3 Qa6 30. Qf3 Qh6 31. a5 Rf8 32. Qg3 Qg6 33. a6 b6 34. Re1 h5 35. f3
hxg4 36. hxg4 $6 (36. fxg4 {is probably better, keeping the h-file closed.}
Qxc2 37. Qd6 Rf7 38. Qxd5 {looks very convincing.}) 36... Qxc2 37. Rac1 $6 {
Move by move, White is letting his advantage slip away.} (37. Qd6 Qh7+ 38. Kg2
Qf7 39. Qg3 {is safe and White is still winning.}) 37... Qd2 38. Red1 $2 {Now
the advantage is completely gone and Black can force a draw.} (38. Kg1 {gets
the king off of the h-file before anything can happen there.}) 38... Rh8+ 39.
Kg1 Qe3+ {#} 40. Kf1 $4 {White cannot adjust fast enough psychologically to
the fact that he is no longer winning. As a result, he misses his chance to
take a draw.} (40. Kg2 $1 Qe2+ $1 41. Kg1 $1 (41. Qf2 $4 Rh2+ 42. Kxh2 Qxf2+
$19) 41... Qe3+ $1 $11 {Neither side can afford to break the perpetual.}) 40...
Rh1+ 41. Kg2 Rxd1 42. Rxd1 Qe2+ {This is the point: the rook is lost.} 43. Kh3
Qxd1 {The rest is agony for White.} 44. Qf4 Qa1 45. Qf8+ Kc7 46. Qf4+ Kc6 47.
Qf6+ Kb5 48. Qd6 Qh1+ 49. Kg3 Qe1+ 50. Kf4 Qc1+ 51. Kg3 Bc6 52. Qb4+ Kxa6 53.
f4 Qe3+ 54. Kh4 Qxf4 0-1

[Event "Michigan Novice"]
[Site "Auburn Hills, MI"]
[Date "2003.04.27"]
[Round "5.2"]
[White "Haengel, Eric"]
[Black "Stapel, Scott"]
[Result "1/2-1/2"]
[WhiteElo "972"]
[BlackElo "987"]
[PlyCount "95"]
[EventDate "2003.04.26"]

1. e4 e6 2. d4 d5 3. exd5 exd5 4. Nf3 Bd6 5. Nc3 Ne7 6. Bb5+ c6 7. Bd3 Bg4 8.
h3 Bxf3 9. Qxf3 Qc7 10. Qg4 g6 11. O-O Nd7 12. Bg5 O-O-O 13. Qh4 Rde8 14. Rfe1
f6 15. Bxf6 Nxf6 16. Qxf6 Rhf8 17. Qh4 Bh2+ 18. Kf1 Bg3 19. Qxh7 Rxf2+ 20. Kg1
Rff8 21. Rf1 Bh2+ 22. Kh1 Bf4 23. Ne2 Rh8 24. Qf7 g5 25. Nxf4 gxf4 26. Qxf4 Qb6
27. Bf5+ Nxf5 28. Qxf5+ Kb8 29. Qf4+ Ka8 30. Rae1 a6 31. b3 Rhf8 32. Rxe8+ Rxe8
33. g4 Re4 34. Qf8+ Ka7 35. g5 Qxd4 36. g6 Rh4 37. Kh2 Qe5+ 38. Kg2 Qg5+ 39.
Kh2 Qxg6 40. Qf6 Qxc2+ 41. Qf2+ Qxf2+ 42. Rxf2 Kb6 43. Kg3 Re4 44. Rf4 Re3+ 45.
Rf3 Re2 46. Rf2 Re3+ 47. Rf3 Re4 48. Rf4 1/2-1/2

[Event "Michigan Class B"]
[Site "Auburn Hills, MI"]
[Date "2003.04.27"]
[Round "4.4"]
[White "Gregory, Kevin"]
[Black "Samuel, Roland"]
[Result "1-0"]
[WhiteElo "1714"]
[BlackElo "1651"]
[PlyCount "73"]
[EventDate "2003.04.26"]

1. e4 c5 2. Nf3 Nc6 3. d4 Nxd4 4. Nxd4 cxd4 5. Qxd4 d6 6. Be2 Nf6 7. f3 e6 8.
O-O Be7 9. c4 O-O 10. Nc3 a6 11. a3 Qc7 12. Qf2 Nd7 13. Be3 Ne5 14. Rac1 Bd7
15. f4 Nc6 16. b4 Rfc8 17. Na4 Re8 18. Nb6 Rad8 19. b5 Nb8 20. a4 Bc8 21. Na8
Qd7 22. Bb6 Rf8 23. Bxd8 Bxd8 24. Rfd1 Ba5 25. Nb6 Qc7 26. Nxc8 Rxc8 27. Qf1
Nd7 28. f5 Nc5 29. fxe6 fxe6 30. Qf4 e5 31. Qd2 Bb6 32. Kh1 Kh8 33. Qd5 Rd8 34.
Rf1 Qe7 35. Rf7 Qg5 36. Rcf1 h5 37. R7f5 1-0

[Event "Michigan Class D/E"]
[Site "Auburn Hills, MI"]
[Date "2003.04.27"]
[Round "5.12"]
[White "Gant, Matthew"]
[Black "Vasos, John"]
[Result "1-0"]
[WhiteElo "1224"]
[BlackElo "1200"]
[PlyCount "116"]
[EventDate "2003.04.26"]

1. e4 e5 2. Nf3 Nc6 3. Nc3 Nf6 4. Bc4 Bc5 5. d3 Ng4 6. O-O O-O 7. Bg5 Be7 8.
Bxe7 Nxe7 9. h3 Nf6 10. Nxe5 d5 11. Bb3 c6 12. Nf3 a5 13. a3 b5 14. Nd4 Qb6 15.
Nce2 dxe4 16. c4 a4 17. Ba2 exd3 18. Qxd3 Ba6 19. cxb5 Bxb5 20. Nxb5 cxb5 21.
Nd4 Rad8 22. Rad1 b4 23. Qb5 Qxb5 24. Nxb5 Rxd1 25. Rxd1 b3 26. Bb1 g6 27. Rd4
Ra8 28. Nc3 Kg7 29. Rxa4 Rxa4 30. Nxa4 Nfd5 31. Nc5 Nb6 32. Bd3 Ned5 33. Kf1
Kf6 34. g3 Ke5 35. Nxb3 Na4 36. Ke2 Nxb2 37. Kd2 Nb6 38. Kc2 Nxd3 39. Kxd3 Na4
40. Kc4 f5 41. Nd2 Nb6+ 42. Kc5 Nd7+ 43. Kc6 Nb8+ 44. Kc7 Na6+ 45. Kb6 Nb8 46.
a4 Kd5 47. a5 Nd7+ 48. Kb5 Nb8 49. a6 Nc6 50. Kb6 h5 51. a7 Nxa7 52. Kxa7 g5
53. Kb6 g4 54. h4 Kd4 55. Kc6 f4 56. gxf4 Kd3 57. f5 Ke2 58. Ne4 Kf3 1-0

[Event "Michigan Class A"]
[Site "Auburn Hills, MI"]
[Date "2003.04.27"]
[Round "5.1"]
[White "Gadson, Joseph"]
[Black "Jendras, Gerard"]
[Result "1-0"]
[WhiteElo "1830"]
[BlackElo "1890"]
[Annotator "Tim McGrew"]
[PlyCount "35"]
[EventDate "2003.04.26"]

{Two Knights: Open (Scotch)} 1. e4 e5 2. Nf3 Nc6 3. Bc4 Nf6 ({I do not
understand why} 3... Be7 {is not more popular. As Purdy pointed out, it is
clearly the easiest way for Black to avoid all of White's dangerous gambit
ideas. The Hungarian Defense is awaiting a hero!}) 4. d4 $5 {Officially, this
variation has been shorn of its terrors. Or at least that is the verdict I
heard when I was growing up. But it still appears in master play from time to
time, and Black must know what he is doing or he will get wiped out quickly.}
exd4 5. O-O Nxe4 (5... Bc5 {takes us into the Max Lange Attack, which is also
considered to have been neutralized -- though here again there are interesting
problems that each side can set the other.}) 6. Re1 d5 7. Bxd5 $1 {This is the
tactical point of White's play.} ({Canal's crazy idea} 7. Nc3 $5 {is actually
playable over the board, though theory frowns on it. If you scoff at this,
close all of your books and databases, lay out the position for Black, and ask
yourself what you are going to do. Better yet, take Black against Fritz and
see how youfare!}) 7... Qxd5 8. Nc3 {White exploits the dual pins up the
central files to regain his sacrificed piece.} Qf5 $6 {We are still in theory,
but this move is off the beaten track and has not got as good a reputation as
the alternatives.} (8... Qa5 {is the main line and leads to either dead
equality or else an obscure position where Black seems -- seems! -- no worse.})
9. Nxe4 Be6 10. Nxd4 Nxd4 11. Qxd4 Rd8 ({From Jendras I would have expected} 
11... Be7 $5 12. Qxg7 O-O-O {with play on the g-file to compensate for the
pawn, e.g.} 13. Qc3 Rhg8 14. Ng3 Qg4 {threatening both ...Bb4 and an h-pawn
rush.}) (11... Be7 {But on second thought White has} 12. Bg5 $5 Bxg5 13. Qxg7
O-O-O 14. Qxg5 {and after the exchange of queens, Black's compensation looks
inadequate.}) 12. Qc3 {Black is already under some pressure. The c-pawn is
hanging at the moment, and since the g-pawn is under fire Black cannot develop
and castle -- which would solve all of his problems.} Rd7 13. Bg5 $1 {
Connecting rooks must be good, and this helps to set a nasty trap.} Qg6 14.
Rad1 $1 Be7 $4 {This is unrecoverable.} (14... Rxd1 15. Rxd1 Bd6 16. Rxd6 $1 (
16. Nxd6+ cxd6 {is less incisive.}) 16... cxd6 17. Nxd6+ Kd7 18. Bf4 {gives
White a strong attack.}) 15. Rxd7 $1 Kxd7 16. Bxe7 Re8 (16... Kxe7 17. Qxc7+ {
is a quick mate.}) 17. Bh4 b6 18. Rd1+ 1-0

[Event "Michigan Class A"]
[Site "Auburn Hills, MI"]
[Date "2003.04.27"]
[Round "4.2"]
[White "Gadson, Joseph"]
[Black "Aldrich, Jeff"]
[Result "1-0"]
[WhiteElo "1830"]
[BlackElo "1915"]
[Annotator "Tim McGrew"]
[PlyCount "35"]
[EventDate "2003.04.26"]

{Caro-Kann: Steinitz} 1. e4 c6 2. d4 d5 3. Nc3 dxe4 4. Nxe4 Nd7 5. Bc4 ({I
confess to having played} 5. Qe2 {once against a friend (former friend?) who
unthinkingly replied} Ngf6 $4 {and got zapped with} 6. Nd6#) 5... e6 6. Nf3
Ngf6 7. Neg5 Nb6 8. Bd3 Bd6 9. O-O Qe7 10. c4 Bc7 11. Re1 (11. Ne5 {looks
alarming, e.g.} O-O 12. Qc2 $1 g6 (12... h6 $4 13. Bh7+ $1 Kh8 14. Ngxf7+ Rxf7
15. Ng6+ Kxh7 16. Nxe7+ {and Black can throw in the towel.}) 13. Ngf3 {and
White's pieces will come calling on the dark squares shortly.}) 11... h6 12.
Ne4 O-O 13. Kh1 Bd7 {Although this connects the rooks, it cuts off the knight
at b6 from any hope of reinforcing the king-side.} 14. Bd2 Rfe8 15. Qc1 {White
is telegraphing his intention to sacrifice on h6.} Nxe4 $2 {A "Blitz" ag ainst
h6 is often strengthened if the attacker can lift a rook up in front of his
pawns and over to the g- or h-files. Black is therefore putting himself in a
more precarious situation by drawing White's rook up to e4.} 16. Rxe4 Bd8 $2 {
This doesn't do enough to stop the sac.} 17. Bxh6 $1 gxh6 {Black falls on his
sword, but the alternatives are also highly unpleasant.} 18. Rg4+ 1-0

[Event "Michigan Masters/Experts"]
[Site "Auburn Hills, MI"]
[Date "2003.04.27"]
[Round "3.4"]
[White "Gabbara, Faris"]
[Black "Jarosz, Stan"]
[Result "1-0"]
[WhiteElo "2009"]
[BlackElo "2010"]
[PlyCount "51"]
[EventDate "2003.04.26"]

1. e4 c5 2. c3 Nf6 3. e5 Nd5 4. Nf3 Nc6 5. d4 cxd4 6. cxd4 d6 7. Be2 e6 8. O-O
Be7 9. Re1 O-O 10. a3 dxe5 11. dxe5 Qc7 12. Bd3 Rd8 13. Qc2 g6 14. Bd2 Bd7 15.
Be4 Be8 16. Nc3 Nxc3 17. Bxc3 Rac8 18. Rac1 Qb8 19. Qe2 Bf8 20. Bb1 Ne7 21. Bb4
Rxc1 22. Rxc1 Bc6 23. Bd3 Qc8 24. Ng5 Qd7 25. Be4 Nd5 26. Bxd5 {Remainder
illegible, 28?} 1-0

[Event "Michigan Class C"]
[Site "Auburn Hills, MI"]
[Date "2003.04.27"]
[Round "4.6"]
[White "Foord, Alan"]
[Black "Kelly, James"]
[Result "0-1"]
[WhiteElo "1500"]
[BlackElo "1481"]
[PlyCount "86"]
[EventDate "2003.04.26"]

1. e4 e5 2. Nf3 Nc6 3. Bb5 a6 4. Ba4 Nf6 5. O-O Be7 6. Re1 b5 7. Bb3 d6 8. h3
O-O 9. c3 Na5 10. Bc2 c5 11. d4 Qc7 12. a4 Rb8 13. axb5 axb5 14. dxe5 dxe5 15.
Nxe5 Rd8 16. Qe2 c4 17. Bg5 Nb3 18. Bxb3 cxb3 19. Nf3 Be6 20. Nbd2 Bc4 21. Nxc4
bxc4 22. e5 Nd5 23. Bxe7 Nxe7 24. e6 f6 25. Nd4 Ra8 26. Qe4 Ra2 27. Rxa2 bxa2
28. Ra1 Qa7 29. Nc6 Nxc6 30. Qxc6 Kf8 31. Qxc4 Ke7 32. Qxa2 Rd1+ 33. Rxd1 Qxa2
34. Rd2 Qxe6 35. Kf1 Qa6+ 36. Ke1 Qa1+ 37. Ke2 Qa2 38. f3 Ke6 39. b4 Qb3 40.
Kd3 Ke5 41. Re2+ Kd6 42. Re4 Qd1+ 43. Kc4 Qd5# 0-1

[Event "Michigan Class C"]
[Site "Auburn Hills, MI"]
[Date "2003.04.27"]
[Round "5.7"]
[White "Foord, Alan"]
[Black "Griffin, John"]
[Result "1/2-1/2"]
[WhiteElo "1503"]
[BlackElo "1500"]
[PlyCount "177"]
[EventDate "2003.04.26"]

1. d4 Nf6 2. c4 g6 3. Nc3 d5 4. cxd5 Nxd5 5. e4 Nxc3 6. bxc3 Bg7 7. Be3 c5 8.
Rb1 cxd4 9. cxd4 Qa5+ 10. Qd2 Qxd2+ 11. Kxd2 O-O 12. Bb5 a6 13. Bd3 Nc6 14. Ne2
e6 15. a3 b5 16. Rbc1 Bb7 17. Rhd1 Rfd8 18. f3 Rac8 19. e5 Bf8 20. Rc3 b4 21.
Rb3 Na5 22. Rbb1 Nc4+ 23. Bxc4 Rxc4 24. Ke1 a5 25. axb4 Bxb4+ 26. Bd2 Ba6 27.
Ra1 Rc2 28. Bxb4 Bxe2 29. Bxa5 Bxd1 30. Bxd8 Rxg2 31. Rxd1 Rxh2 32. Bf6 h5 33.
Rd3 Rg2 34. Rb3 g5 35. Rb8+ Kh7 36. Kf1 Rg3 37. Kf2 h4 38. Rf8 Kg6 39. Rg8+ Kf5
40. Rh8 Kf4 41. Ke2 Rg2+ 42. Kf1 Kxf3 43. Bxg5 Rxg5 44. Rxh4 Ke3 45. Rh7 Rf5+
46. Ke1 Kxd4 47. Rh4+ Kxe5 48. Ke2 Rf4 49. Rh5+ f5 50. Ke3 Re4+ 51. Kf3 Kd4 52.
Rh7 Kd3 53. Rd7+ Rd4 54. Re7 Rd6 55. Re8 Kd4 56. Kf4 Kd5 57. Rc8 Rd7 58. Ra8
Rf7 59. Ra5+ Kd6 60. Ra6+ Ke7 61. Ra7+ Kf6 62. Ra6 Rg7 63. Rb6 Rg4+ 64. Kf3 Ke5
65. Rb5+ Kf6 66. Rb6 Re4 67. Ra6 Kg5 68. Ra8 e5 69. Rg8+ Kf6 70. Rf8+ Ke6 71.
Ra8 Rd4 72. Ra6+ Rd6 73. Ra5 e4+ 74. Kf4 Rd5 75. Ra6+ Kf7 76. Ra7+ Kg6 77. Ra6+
Kh5 78. Rf6 Rc5 79. Rf8 Kg6 80. Rg8+ Kf7 81. Ra8 Rc3 82. Ra7+ Ke6 83. Ra6+ Kd5
84. Ra5+ Kd4 85. Ra4+ Kd3 86. Ra5 Kd2 87. Rd5+ Rd3 88. Rxf5 Rf3+ 89. Kxe4
1/2-1/2

[Event "Michigan Masters/Experts"]
[Site "Auburn Hills, MI"]
[Date "2003.04.27"]
[Round "4.2"]
[White "Finegold, Ron"]
[Black "Rogers, Bradley"]
[Result "0-1"]
[WhiteElo "2019"]
[BlackElo "2056"]
[PlyCount "100"]
[EventDate "2003.04.26"]

1. d4 Nf6 2. c4 c5 3. Nf3 g6 4. Nc3 Bg7 5. d5 O-O 6. e4 d6 7. h3 Na6 8. Bf4 Qa5
9. Nd2 Bd7 10. Be2 Nc7 11. a4 Na6 12. O-O Nb4 13. g4 h6 14. Kg2 Qd8 15. Rh1 Nh7
16. Nf3 f5 17. gxf5 gxf5 18. e5 dxe5 19. Bxe5 Nf6 20. Qd2 Rf7 21. Rag1 Qf8 22.
Kf1 Kh7 23. Nh4 Ne4 24. Qf4 Ng5 25. Bh5 Nd3 26. Ng6 Nxf4 27. Nxf8+ Raxf8 28.
Bxf4 Rf6 29. Be5 R6f7 30. Bxf7 Bxe5 31. Bh5 Rf6 32. h4 Ne4 33. Nxe4 fxe4 34. b3
Bd4 35. Rg2 e3 36. Bd1 Bf5 37. f3 Bd3+ 38. Be2 Bc2 39. a5 Ra6 40. Rg4 Rxa5 41.
b4 Ra1+ 42. Kg2 Ra2 43. Kg3 Bf5 44. bxc5 Bxg4 45. Bd3+ Kg7 46. fxg4 Bxc5 47.
Rf1 Rd2 48. Be4 a5 49. Ra1 b6 50. Bf3 Bd6+ 0-1

[Event "Michigan Masters/Experts"]
[Site "Auburn Hills, MI"]
[Date "2003.04.27"]
[Round "3.1"]
[White "Finegold, Ben"]
[Black "Finegold, Ron"]
[Result "1-0"]
[WhiteElo "2636"]
[BlackElo "2019"]
[PlyCount "79"]
[EventDate "2003.04.26"]

1. d4 d5 2. c4 e6 3. Nc3 Nf6 4. Bg5 Be7 5. e3 O-O 6. Nf3 h6 7. Bxf6 Bxf6 8. Rc1
b6 9. Be2 Bb7 10. cxd5 exd5 11. b4 a6 12. O-O Qd6 13. Qb3 Be7 14. Ne5 c6 15.
Na4 Bd8 16. e4 dxe4 17. Nc4 Qxd4 18. Rcd1 Qf6 19. Ncxb6 c5 20. bxc5 Ra7 21. Qg3
Be7 22. Nd7 Nxd7 23. Rxd7 Qc6 24. Rxe7 Qxa4 25. Qd6 Qxa2 26. c6 Bc8 27. Rxa7
Qxe2 28. Re7 f5 29. Qg6 Qb2 30. Re8 Qf6 31. Qxf6 gxf6 32. Rxf8+ Kxf8 33. Rd1
Ke7 34. g3 Be6 35. Rd4 a5 36. c7 Bd7 37. Kf1 a4 38. Rxa4 Bb5+ 39. Ke1 Kd7 40.
Ra5 1-0

[Event "Michigan Class B"]
[Site "Auburn Hills, MI"]
[Date "2003.04.27"]
[Round "5.2"]
[White "Fick II, Douglas"]
[Black "Burris, David"]
[Result "1/2-1/2"]
[WhiteElo "1649"]
[BlackElo "1759"]
[PlyCount "102"]
[EventDate "2003.04.26"]

1. e4 e6 2. d4 d5 3. Nd2 c5 4. exd5 Qxd5 5. dxc5 Bxc5 6. Ngf3 Nf6 7. Bc4 Qd6 8.
O-O Nc6 9. Nb3 Qe7 10. Nxc5 Qxc5 11. Bb3 O-O 12. Qe2 Rd8 13. Be3 Qe7 14. c3 h6
15. Rad1 Bd7 16. Nd4 a6 17. f3 Rac8 18. Nxc6 Bxc6 19. Qc2 b5 20. Rd3 Rxd3 21.
Qxd3 Rd8 22. Qe2 Rd7 23. Rd1 Rxd1+ 24. Qxd1 Qd7 25. Bd4 Ne8 26. Bc2 Qe7 27. Qd3
g6 28. Be3 Kh7 29. Qd2 Qd6 30. Bxh6 Qxd2 31. Bxd2 Kg7 32. Kf2 Kf6 33. Bf4 e5
34. Bg3 g5 35. h4 gxh4 36. Bxh4+ Ke6 37. Ke3 f6 38. g4 Nd6 39. b3 Bd5 40. Bg3
Ke7 41. f4 Ke6 42. Bh2 Nf7 43. Bf5+ Kd6 44. fxe5+ fxe5 45. Kd3 Bb7 46. Bg1 Nh6
47. c4 Nxf5 48. gxf5 Ke7 49. cxb5 axb5 50. a4 bxa4 51. bxa4 Kf6 1/2-1/2

[Event "Michigan Class B"]
[Site "Auburn Hills, MI"]
[Date "2003.04.27"]
[Round "4.8"]
[White "Dorrington, Eldon"]
[Black "Moore, Robert"]
[Result "1-0"]
[WhiteElo "1641"]
[BlackElo "1601"]
[PlyCount "120"]
[EventDate "2003.04.26"]

1. c4 d6 2. Nc3 g6 3. g3 Bg7 4. Bg2 e5 5. Nf3 Be6 6. d3 c6 7. O-O f6 8. Bd2 Ne7
9. Qc1 O-O 10. e4 a5 11. b3 Na6 12. Rd1 Qd7 13. Na4 Qc7 14. Be3 c5 15. Nc3 Bd7
16. a4 Nb4 17. Rb1 f5 18. Bg5 Be6 19. Nh4 Qd7 20. Bxe7 Qxe7 21. exf5 gxf5 22.
Qd2 Rab8 23. Na2 Bf6 24. Nxb4 axb4 25. Nf3 e4 26. dxe4 fxe4 27. Ne1 Bd4 28. Kh1
Rxf2 29. Qh6 Rbf8 30. h4 Rxg2 31. Nxg2 Bh3 32. Qg5+ Qxg5 33. hxg5 Rf2 34. Rg1
Rd2 35. Kh2 Bxg1+ 36. Kxh3 Bd4 37. Re1 Rd3 38. Rxe4 Be5 39. Re3 Rd4 40. Ne1 Rd1
41. Nf3 Bc3 42. Re7 Rd3 43. Kg4 Be5 44. Nxe5 dxe5 45. Rxe5 b6 46. Re6 Rxb3 47.
Rxb6 Ra3 48. Rb5 Rxa4 49. Rxc5 b3 50. Kf5 Rb4 51. Rd5 Rb8 52. Rd1 b2 53. Rb1
Kf7 54. Ke4 Ke7 55. Kd5 Rd8+ 56. Kc5 Rc8+ 57. Kd4 Rg8 58. Rxb2 Rxg5 59. Rb7+
Kd6 60. Rxh7 Rxg3 1-0